[Event "Foros Aerosvit 3rd"]
[Site "Foros"]
[Date "2008.06.11"]
[Round "4"]
[White "Van Wely, Loek"]
[Black "Alekseev, Evgeny V"]
[Result "1-0"]
[WhiteElo "2677"]
[BlackElo "2711"]
[PlyCount "71"]
[EventDate "2008.06.08"]
[EventType "tourn"]
[EventRounds "11"]
[EventCountry "UKR"]
[EventCategory "19"]
[SourceTitle "CBM 125"]
[Source "ChessBase"]
[SourceDate "2008.07.30"]
[SourceVersion "1"]
[SourceVersionDate "2008.07.30"]
[SourceQuality "1"]

1. d4 {Krasenkow,Michal} d5 2. c4 c6 3. Nf3 e6 4. Nc3 dxc4 5. e3 b5 6. a4 Bb4 7. Bd2 a5 8. axb5 Bxc3 9. Bxc3 cxb5 10. b3 Bb7 11. bxc4 b4 12. Bb2 Nf6 13. Bd3 Nbd7 14. O-O O-O 15. Re1 Ne4 16. Qc2 f5 17. c5 Bc6 18. Bc4 Re8 ({RR} 18... Qe7 19. Bb3 ({RR} 19. Qb3 Kh8 20. Bxe6 Ndxc5 21. dxc5 Nxc5 22. Qc4 Bxf3 23. Bxf5 Rxf5 24. gxf3 Rxf3) 19... Kh8 ({RR} 19... Rfc8 20. Ra2 ({RR} 20. Ba4) 20... Nexc5 ({RR} 20... Rc7 21. Rc1 Rca7 22. Ba4 Bd5 23. Raa1) 21. dxc5 Nxc5 22. Bc4 Be4 23. Qd2 Bxf3 24. gxf3 Ne4 25. fxe4 Rxc4 26. Qd3 Rxe4 27. f3 Rh4 28. Be5) ({RR} 19... Ra7 20. Rec1 ({RR} 20. Ra2 Rfa8 21. Rea1 a4 22. Rxa4 ({RR} 22. Bxa4 Bd5) 22... Bxa4 23. Rxa4 Rxa4 24. Bxa4 Ndf6 25. Bb3 Nd5 26. Ne5 Qb7 27. f3 Nec3) ({RR} 20. Ba4 Bxa4 21. Rxa4 ({RR} 21. Qxa4 Ndf6 22. Qb5 Qc7 23. Ne5 Ng4) 21... Rfa8 22. Rea1 Qe8 ({RR} 22... Qd8 23. Qc4) 23. Ne1 ({RR} 23. Qc4 Ndf6 24. Ne5 Nd5 25. Qb3 Nec3 26. Bxc3 Nxc3) 23... Nb8 24. Nd3 ({RR} 24. f3 Nf6 25. Nd3 Nc6 26. Qb3 Qd7 27. Bc1 Rd8 28. Bd2 Nd5) 24... Nc6 25. Qe2 Nf6 ({RR} 25... g5 26. f3 Nf6 27. e4 fxe4 28. fxe4 Qg6 29. Re1 Rf8 30. Raa1 Raf7 31. h3 Rd8 32. Nf2 g4 33. hxg4 Rdf8 34. Qd1 Rd8 35. Qa4)) 20... Rfa8 21. Ba4 Bxa4 22. Qxa4 Qe8 23. Ne1 Nef6 ({RR} 23... Ndf6) 24. Nd3 Nd5 25. Re1 Qc8 26. f3 Qa6 27. Rad1 Rf8 28. e4) ({RR} 19... g5 20. Ba4 ({RR} 20. Rec1 g4 21. Ne1 Ndf6 22. Ra2 Nd5 23. Rca1 Rf6 24. Rxa5 Rxa5 25. Rxa5 Rh6) 20... Bxa4 21. Rxa4 g4 22. Nd2 Nxd2 23. Qxd2 Nf6) 20. Red1 ({RR} 20. Rec1 f4 ({RR} 20... Qe8) 21. Re1 ({RR} 21. Ba4 Bxa4 22. Rxa4 Ng5 23. Nxg5 Qxg5) 21... Ng5 22. e4 Nxf3+ 23. gxf3 Qg5+ 24. Kh1 Qh5 25. Qd1) 20... Qe8 ({RR} 20... f4) 21. Ba4 Bxa4 ({RR} 21... Qc8) 22. Rxa4 Ndf6 23. Rda1 Qb5 ({RR} 23... Ng4 24. Rxa5 Rxa5 25. Rxa5 Ngxf2 26. c6) 24. Ne5 Ng4 ({RR} 24... Nd5 25. Qd3 Rfb8 ({RR} 25... Qxd3 26. Nxd3) 26. Qxb5 Rxb5 27. Nc6) 25. Nxg4 ({RR} 25. Qd3 Qb7 ({RR} 25... Rfb8 26. Qxb5 Rxb5 27. Nd3) 26. c6 Nxe5 27. cxb7 Nxd3 28. bxa8=Q Rxa8 29. Rxa5 Rg8 30. Bc1) 25... fxg4 ({RR} 25... b3 26. Qd1 fxg4 27. d5) 26. Qxe4 Qe2 27. Rf1 ({RR} 27. f4 gxf3 28. gxf3 Ra6 ({RR} 28... Qxb2 29. Qd3 Rxf3 30. R4a2 Qc3 31. Qxc3 bxc3 32. Rxa5) 29. Bc3 ({RR} 29. Rb1 e5 30. c6 Rf6) ({RR} 29. R4a2 b3 30. Ra3 e5) 29... bxc3 30. R4a2 Qc4 31. Rc2 Rb8 32. Rac1 Rb3 33. Rd1) 27... Qxb2 28. Qxe6 ({RR} 28. Qxg4 b3 29. Qd1 Qc3 30. Qc1 Qd3 31. Qb2 Qb5 32. Rfa1 e5 33. dxe5 Rfb8) 28... b3 29. Qc4 ({RR} 29. Qxg4 Qc3) 29... Rf6 30. Qc1 Qe2 31. c6 ({RR} 31. Qc4 {RR} Qxc4 32. Rxc4 a4 33. Rb4) 31... b2 32. Qc4 Qd2 33. c7 {Kasimdzhanov,R (2705)-Grischuk,A (2810) Tbilisi 2015 CBM 165 [Krasenkow,Michal] 0-1 (35)}) 19. Bb3 Qc7 20. Red1 Kh8 $146 ({RR} 20... Bd5 21. Ba4 g5 22. Bxd7 Qxd7 23. Ne5 Qc7 24. f3 Nf6 25. Re1 h6 26. g4 Qh7 27. Qa4 {½-½ (27) Gozzoli,Y (2502)-Ninov,N (2515) La Fere 2008}) 21. Ne1 Nef6 22. Nd3 Bd5 23. Ba4 Nb8 24. f3 Nc6 25. Nf2 e5 26. dxe5 Nxe5 27. Bxe8 Rxe8 28. Qxf5 Bf7 29. Rd6 Bg6 30. Qf4 Nfd7 31. Rad1 Qxc5 32. Rxd7 Nxd7 33. Rxd7 Qxe3 34. Qxe3 Rxe3 35. Bxg7+ Kg8 36. Ng4 1-0

[Event "ARM-chT"]
[Site "Yerevan"]
[Date "2008.06.16"]
[Round "1"]
[White "Jobava, Baadur"]
[Black "Lputian, Smbat G"]
[Result "1/2-1/2"]
[WhiteElo "2658"]
[BlackElo "2601"]
[PlyCount "110"]
[EventDate "2008.06.16"]
[EventType "team"]
[EventRounds "5"]
[EventCountry "ARM"]
[SourceTitle "CBM 125 Extra"]
[Source "ChessBase"]
[SourceDate "2008.09.01"]
[SourceVersion "1"]
[SourceVersionDate "2008.09.01"]
[SourceQuality "1"]

1. c4 e6 2. Nc3 d5 3. d4 Be7 4. cxd5 exd5 5. Bf4 c6 6. e3 Bd6 7. Bxd6 Qxd6 8. Bd3 Ne7 9. Qc2 g6 10. Nf3 Bf5 11. Bxf5 Nxf5 12. O-O-O Na6 13. Kb1 $146 ({RR} 13. g4 Ne7 14. Ne5 f6 15. Nd3 Nb4 16. Nxb4 Qxb4 17. Na4 Qd6 18. Nc5 b6 19. Nd3 O-O-O 20. Kb1 Kb8 21. Rc1 Rc8 22. h3 Qe6 23. Ka1 Qe4 24. Qb3 Ka8 25. Rhg1 g5 26. Qa3 h5 27. Qd6 hxg4 {Roubalik,J (2379)-Strebkovs,A (2358) Brno 2015 ½-½ (42)}) 13... O-O-O 14. Ne5 Qe6 15. Ka1 Kb8 16. Nd3 Qe7 17. Na4 Nd6 18. h4 h5 19. Ne5 Rc8 20. Nc3 Rhd8 21. a3 Nc7 22. f3 Ncb5 23. Nxb5 cxb5 24. Qb3 Nc4 25. Qxb5 Nxe3 26. Qe2 Nc2+ 27. Kb1 Re8 28. Qd3 Nxd4 29. Nxg6 fxg6 30. Qxd4 Rcd8 31. Rd2 Qe5 32. Rhd1 Qxd4 33. Rxd4 Re2 34. R1d2 Rxd2 35. Rxd2 Kc7 36. Rd4 Kd6 37. Kc2 Ke5 38. Ra4 a6 39. Kd3 Rc8 40. Rb4 b5 41. Kd2 Rc5 42. g3 a5 43. Rf4 Rc6 44. Rf7 Kd4 45. b3 b4 46. Rf4+ Kc5 47. a4 Kb6 48. g4 hxg4 49. fxg4 Rc3 50. Rd4 Rxb3 51. Rxd5 Rh3 52. Rb5+ Ka6 53. Rg5 Rxh4 54. Rxg6+ Ka7 55. Kd3 b3 1/2-1/2

[Event "Staunton Memorial 6th"]
[Site "London"]
[Date "2008.08.08"]
[Round "2"]
[White "Sokolov, Ivan"]
[Black "Van Wely, Loek"]
[Result "1/2-1/2"]
[WhiteElo "2658"]
[BlackElo "2644"]
[PlyCount "84"]
[EventDate "2008.08.07"]
[EventType "tourn"]
[EventRounds "11"]
[EventCountry "ENG"]
[EventCategory "13"]
[SourceTitle "CBM 126"]
[Source "ChessBase"]
[SourceDate "2008.10.01"]
[SourceVersion "1"]
[SourceVersionDate "2008.10.01"]
[SourceQuality "1"]

1. d4 d5 2. c4 e6 3. Nc3 c6 4. cxd5 exd5 5. Bf4 Bd6 6. Bg3 Bf5 7. e3 ({RR} 7. Qb3 Bxg3 8. hxg3 Qb6 9. e3 Nf6 10. Nf3 Nbd7 11. Nh4 Be4 12. Qxb6 axb6 13. f3 Bg6 14. Nxg6 fxg6 15. Bd3 O-O 16. Kd2 b5 17. g4 g5 18. a4 bxa4 19. Nxa4 g6 20. b4 Ra7 21. Nc5 Rfa8 {Gustafsson,J (2634)-Popov,V (2542) Warsaw 2008 0-1 (52)}) 7... Nf6 8. Nf3 O-O 9. Nh4 ({RR} 9. Ne5 Ne4 10. Bd3 Bb4 11. Qb3 Qa5 12. O-O f6 13. Bxe4 Bxe4 14. Nxe4 fxe5 15. Bxe5 Nd7 16. Bg3 Rae8 17. Nd6 Bxd6 18. Bxd6 Rf6 19. Bg3 Qb6 20. Qc2 Rfe6 21. Rfe1 Nf6 22. Be5 Ng4 23. f4 Qd8 {Pacheco,D (2209)-Rom,J (2178) chess.com INT 2024 0-1 (48)}) 9... Bg6 $146 ({RR} 9... Be4 10. f3 Bg6 11. Nxg6 hxg6 12. Qd2 Re8 13. O-O-O a5 14. Kb1 a4 15. Bxd6 Qxd6 16. g4 b5 17. Bd3 Nbd7 18. g5 Nh5 19. Ne2 Nb6 20. e4 Nc4 21. Bxc4 bxc4 22. e5 Qd7 23. Ng3 a3 24. b4 {Savon,V (2465)-Novikov,I (2545) Belgorod 1991 0-1 (42)}) ({RR} 9... Be6 10. Bd3 Bxg3 11. hxg3 Nbd7 12. Qc2 c5 13. Nf3 g6 14. dxc5 Nxc5 15. Nd4 Rc8 16. O-O Nce4 17. Bxe4 Nxe4 18. Qa4 Nxc3 19. bxc3 a6 20. Rab1 Qe7 21. Rb3 Rc7 22. Qa5 Rfc8 23. Rfb1 h5 24. Rb6 {Anastasian,A (2490)-Boguslawsky,M (2420) Voskresensk 1992 1-0 (51)}) 10. Be2 Re8 11. Nxg6 hxg6 12. Qb3 Bxg3 13. hxg3 Qb6 14. Qc2 c5 15. dxc5 Qxc5 16. Qa4 g5 17. Qb5 Qxb5 18. Nxb5 Re7 19. O-O Nc6 20. Rfd1 a6 21. Nd4 Nxd4 22. Rxd4 Rc8 23. Bf3 Rec7 24. Rad1 Rc2 25. R1d2 Rxd2 26. Rxd2 Rc1+ 27. Bd1 Kf8 28. f3 b5 29. Kf2 a5 30. a3 Ke7 31. Be2 Rc5 32. b4 Rc3 33. Rd3 axb4 34. axb4 Rc2 35. Ke1 Rb2 36. Rd4 Kd6 37. Bxb5 Rxg2 38. g4 Rb2 39. Be2 Nd7 40. Bc4 Rxb4 41. Rxd5+ Kc6 42. Rd4 Ne5 1/2-1/2

[Event "Olympiad-38"]
[Site "Dresden"]
[Date "2008.11.19"]
[Round "6"]
[White "Nakamura, Hikaru"]
[Black "Bruzon Batista, Lazaro"]
[Result "1-0"]
[WhiteElo "2704"]
[BlackElo "2622"]
[PlyCount "99"]
[EventDate "2008.11.13"]
[EventType "team-swiss"]
[EventRounds "11"]
[EventCountry "GER"]
[SourceTitle "CBM 128"]
[Source "ChessBase"]
[SourceDate "2009.01.28"]
[SourceVersion "1"]
[SourceVersionDate "2009.01.28"]
[SourceQuality "1"]
[WhiteTeam "US of America"]
[BlackTeam "Cuba"]
[WhiteTeamCountry "USA"]
[BlackTeamCountry "CUB"]

1. d4 d5 2. c4 c6 3. Nf3 Nf6 4. Nc3 dxc4 5. a4 e6 6. e4 Bb4 7. e5 Nd5 8. Bd2 b5 9. axb5 Bxc3 10. bxc3 cxb5 11. Ng5 Nc6 12. Qh5 Qe7 13. Ne4 O-O 14. Bg5 f6 15. exf6 gxf6 16. Bh6 Rd8 17. Be2 e5 $146 ({RR} 17... Kh8 18. O-O Rg8 19. Rfe1 a5 20. Bf3 Rg6 21. Nc5 Qf7 22. Bxd5 exd5 23. Qh4 b4 24. Qf4 Bh3 25. g3 bxc3 26. f3 Rag8 27. Kf2 Bc8 28. Rad1 Nb4 29. Rc1 c2 30. Qe3 Bf5 31. g4 Na2 32. gxf5 {Kierzek,M (2250)-Herzog,A (2379) Opatija 2013 0-1 (38)}) 18. O-O Qf7 19. Qh4 Bf5 20. Ra6 Bxe4 21. Rxc6 Nf4 22. Rxf6 Nxe2+ 23. Kh1 Qb7 24. Qg5+ Bg6 25. Rxg6+ hxg6 26. Qxg6+ Kh8 27. Bg5 Rf8 28. Bf6+ Rxf6 29. Qxf6+ Kg8 30. Qe6+ Qf7 31. Qg4+ Qg7 32. Qxe2 exd4 33. cxd4 Rd8 34. Rb1 Qxd4 35. Qe6+ Kg7 36. Qe7+ Kh8 37. h3 a6 38. Re1 c3 39. Re5 Qd1+ 40. Kh2 Qd6 41. Qh4+ Kg7 42. Qg3+ Kf6 43. f4 c2 44. Qg5+ Kf7 45. Qf5+ Kg7 46. Qxc2 Rf8 47. Rg5+ Kf7 48. Qh7+ Ke8 49. Re5+ Kd8 50. Qb7 1-0

[Event "Poikovsky Karpov 02nd"]
[Site "Poikovsky"]
[Date "2001.05.07"]
[Round "7"]
[White "Georgiev, Kiril"]
[Black "Lputian, Smbat G"]
[Result "1/2-1/2"]
[WhiteElo "2676"]
[BlackElo "2607"]
[PlyCount "99"]
[EventDate "2001.05.05"]
[EventType "tourn"]
[EventRounds "9"]
[EventCountry "RUS"]
[EventCategory "15"]
[SourceTitle "CBM 084"]
[Source "ChessBase"]
[SourceDate "2001.09.13"]
[SourceVersion "1"]
[SourceVersionDate "2001.09.13"]
[SourceQuality "1"]

1. d4 e6 2. c4 d5 3. Nc3 Be7 4. cxd5 exd5 5. Bf4 c6 6. Qc2 Bd6 7. Bg3 Ne7 8. e3 Bf5 9. Qb3 Nc8 10. Nf3 Qb6 11. Nd2 O-O 12. Be2 Na6 $146 ({RR} 12... Nd7 13. O-O Bxg3 14. hxg3 Re8 15. Qa3 a5 16. b3 Qc7 17. Rac1 Qd6 18. Qb2 Qe7 19. Bf3 Nd6 20. Rfe1 Nf6 21. Na4 h5 22. Nc5 g6 23. Be2 Nfe4 24. Ncxe4 Nxe4 25. Nxe4 Bxe4 26. Rc5 Qg5 27. Qd2 {Smirin,I (2659)-Roiz,M (2611) Rishon Le Ziyyon 2006 ½-½}) ({RR} 12... Re8 13. O-O Nd7 14. Na4 Qa5 15. Nc3 Bxg3 16. hxg3 Nd6 17. a3 Nf6 18. Rfc1 Re7 19. Qd1 Qd8 20. b4 b5 21. a4 a6 22. Nb3 Nc4 23. Nc5 Nd7 24. axb5 axb5 25. Bxc4 bxc4 26. Nb7 Qb8 27. Rxa8 {Shipov,S (2625)-Lautier,J (2653) Moscow 2001 ½-½ (55)}) 13. a3 Nc7 14. O-O Re8 15. Rfc1 Ne6 16. Qd1 a5 17. Na4 Qd8 18. Nf1 Bg6 19. Bd3 Bxd3 20. Qxd3 h5 21. Bxd6 Nxd6 22. Nc5 Nxc5 23. Rxc5 Re6 24. b3 Rg6 25. Ra2 h4 26. f3 f5 27. a4 Qg5 28. Rf2 Re6 29. Qd2 Qd8 30. Rc1 Qb6 31. Qd3 Rae8 32. g3 Qd8 33. Rg2 hxg3 34. hxg3 Rh6 35. Rcc2 Ree6 36. Rh2 Qe8 37. Rxh6 Rxh6 38. Rh2 Rxh2 39. Nxh2 g5 40. g4 Qe6 41. gxf5 Qxf5 42. Qxf5 Nxf5 43. Ng4 Kf7 44. Kf2 Ke6 45. Ke2 b6 46. Kd3 c5 47. dxc5 bxc5 48. Nf2 Nh4 49. Ke2 Ng6 50. Nh3 1/2-1/2

[Event "FIDE-Wch k.o."]
[Site "Moscow"]
[Date "2001.11.30"]
[Round "2.4"]
[White "Shipov, Sergei"]
[Black "Lautier, Joel"]
[Result "1/2-1/2"]
[WhiteElo "2625"]
[BlackElo "2653"]
[PlyCount "110"]
[EventDate "2001.11.27"]
[EventType "k.o."]
[EventRounds "7"]
[EventCountry "RUS"]
[SourceTitle "CBM 086"]
[Source "ChessBase"]
[SourceDate "2002.02.05"]
[SourceVersion "1"]
[SourceVersionDate "2002.02.05"]
[SourceQuality "1"]

1. d4 d5 2. c4 e6 3. Nc3 Be7 4. cxd5 exd5 5. Bf4 c6 6. Qc2 Bd6 7. Bg3 Ne7 8. e3 Bf5 9. Qb3 Nc8 10. Nf3 O-O 11. Be2 Qb6 12. Nd2 Re8 $146 ({RR} 12... Nd7 13. O-O Bxg3 14. hxg3 Re8 15. Qa3 a5 16. b3 Qc7 17. Rac1 Qd6 18. Qb2 Qe7 19. Bf3 Nd6 20. Rfe1 Nf6 21. Na4 h5 22. Nc5 g6 23. Be2 Nfe4 24. Ncxe4 Nxe4 25. Nxe4 Bxe4 26. Rc5 Qg5 27. Qd2 {Smirin,I (2659)-Roiz,M (2611) Rishon Le Ziyyon 2006 ½-½}) ({RR} 12... Na6 13. a3 Nc7 14. O-O Re8 15. Rfc1 Ne6 16. Qd1 a5 17. Na4 Qd8 18. Nf1 Bg6 19. Bd3 Bxd3 20. Qxd3 h5 21. Bxd6 Nxd6 22. Nc5 Nxc5 23. Rxc5 Re6 24. b3 Rg6 25. Ra2 h4 26. f3 f5 27. a4 {Georgiev,K (2676)-Lputian,S (2607) Poikovsky 2001 ½-½ (50)}) 13. O-O Nd7 14. Na4 Qa5 15. Nc3 Bxg3 16. hxg3 Nd6 17. a3 Nf6 18. Rfc1 Re7 19. Qd1 Qd8 20. b4 b5 21. a4 a6 22. Nb3 Nc4 23. Nc5 Nd7 24. axb5 axb5 25. Bxc4 bxc4 26. Nb7 Qb8 27. Rxa8 Qxa8 28. Na5 Nf6 29. Qf3 Bd7 30. Qf4 Re8 31. f3 Qd8 32. Kf2 Qe7 33. Rb1 Nh5 34. Qe5 Qxe5 35. dxe5 Rxe5 36. b5 cxb5 37. Nxb5 Nf6 38. Nd4 Re8 39. Nac6 Bxc6 40. Nxc6 h5 41. Rb7 g6 42. Rc7 Kf8 43. Ke2 Re6 44. Kd2 Re8 45. Nb4 Ra8 46. Rc6 Kg7 47. Na6 Re8 48. Nc5 Ra8 49. Na6 Re8 50. Rb6 Re6 51. Rxe6 fxe6 52. Kc3 e5 53. e4 dxe4 54. Kxc4 exf3 55. gxf3 g5 1/2-1/2

[Event "BL2-West 0607"]
[Site "Germany"]
[Date "2006.10.15"]
[Round "1.1"]
[White "Aleksandrov, Aleksej"]
[Black "Kasimdzhanov, Rustam"]
[Result "1/2-1/2"]
[WhiteElo "2627"]
[BlackElo "2672"]
[PlyCount "36"]
[EventDate "2006.10.15"]
[EventType "team-tourn"]
[EventRounds "9"]
[EventCountry "GER"]
[SourceTitle "EXT 2007"]
[Source "ChessBase"]
[SourceDate "2006.11.23"]
[SourceVersion "1"]
[SourceVersionDate "2006.11.23"]
[SourceQuality "1"]
[WhiteTeam "Plettenberg"]
[BlackTeam "Godesberg"]
[WhiteTeamCountry "GER"]
[BlackTeamCountry "GER"]

1. d4 d5 2. c4 e6 3. Nc3 Be7 4. cxd5 exd5 5. Bf4 c6 6. Qc2 Bd6 7. Bxd6 Qxd6 8. e3 Ne7 9. Bd3 Qf6 ({RR} 9... b6 10. Nf3 Ba6 11. O-O Bxd3 12. Qxd3 O-O 13. e4 Nd7 14. Rfe1 Rfe8 15. Rac1 dxe4 16. Nxe4 Qd5 17. Nc3 Qd6 18. Qc4 Nf6 19. Ne5 Rf8 20. g4 Rac8 21. h3 Nfd5 22. Ne4 Qh6 23. Qb3 Nf4 24. Kh2 {Nakamura,H (2780)-Topalov,V (2749) Saint Louis 2017 0-1}) ({RR} 9... g6 10. f3 Nf5 11. Qf2 Be6 12. Nge2 Nd7 13. e4 Ng7 14. O-O O-O 15. Rad1 f6 16. Bc2 Nb6 17. Bb3 Rae8 18. Nc1 Rd8 19. Rfe1 Rfe8 20. Qh4 Bf7 21. Nd3 Nd7 22. Kh1 Nh5 23. Qf2 Nb6 24. e5 {Aczel,G (2435)-Slobodjan,R (2450) Germany GER 2026 0-1 (47)}) ({RR} 9... b6 10. Nf3 Ba6 11. Bxa6 Nxa6 12. O-O O-O 13. Ne2 Nc7 14. Nf4 Rfc8 15. Rac1 a5 16. Rfe1 Ne8 17. Re2 Nf6 18. Qd1 c5 19. dxc5 bxc5 20. Rec2 {1-0 (20) Aleksandrov,A (2625)-Rychagov,A (2561) Voronezh 2013}) 10. Rc1 Nd7 $146 ({RR} 10... Qg5 11. Kf1 Bg4 12. f3 Bf5 13. e4 Bg6 14. Nge2 dxe4 15. fxe4 O-O 16. h4 Qg4 17. Kg1 Na6 18. Qb3 Nc7 19. h5 Bxh5 20. Rf1 Ne6 21. Rf3 Qg5 22. Rg3 Qa5 23. Qxb7 Bxe2 24. Nxe2 Nxd4 25. Qxe7 {Abdalla,L (2322)-Marrero Lopez,Y (2304) Santos 2012 ½-½}) ({RR} 10... g6 11. Nf3 O-O 12. O-O Bf5 13. b4 Nd7 14. Bxf5 Qxf5 15. b5 Qxc2 16. Rxc2 Rfc8 17. Rfc1 c5 18. e4 dxe4 19. Nxe4 cxd4 20. Nd6 Rxc2 21. Rxc2 Nd5 22. Nxd4 a6 23. g3 axb5 24. N4xb5 b6 25. Rd2 {Ornstein,A (2440)-Nokso Koivisto,A (2360) Helsinki 1991 ½-½ (31)}) 11. Nge2 Nb6 12. e4 Qh6 13. e5 f6 14. O-O fxe5 15. dxe5 O-O 16. f4 Bf5 17. Rf3 Rad8 18. b4 Nc4 1/2-1/2

[Event "RUS Cup final 5th"]
[Site "Kazan"]
[Date "2001.10.12"]
[Round "11"]
[White "Kharlov, Andrei"]
[Black "Filippov, Valerij"]
[Result "0-1"]
[WhiteElo "2656"]
[BlackElo "2617"]
[PlyCount "88"]
[EventDate "2001.10.02"]
[EventType "tourn"]
[EventRounds "11"]
[EventCountry "RUS"]
[EventCategory "12"]
[SourceTitle "CBM 086"]
[Source "ChessBase"]
[SourceDate "2002.02.05"]
[SourceVersion "1"]
[SourceVersionDate "2002.02.05"]
[SourceQuality "1"]

1. d4 d5 2. c4 e6 3. Nc3 c6 4. e4 dxe4 5. Nxe4 Bb4+ 6. Bd2 Qxd4 7. Bxb4 Qxe4+ 8. Ne2 Na6 9. Bf8 Ne7 10. Bxg7 Rg8 11. Bf6 ({RR} 11. f3 Qxc4 12. Ng3 Qh4 13. Be5 Nd5 14. Bxa6 Qb4+ 15. Kf2 Qb6+ 16. Bd4 c5 17. Be5 bxa6 18. Re1 Bb7 19. Ne4 Rd8 20. Qa4+ Bc6 21. Qc4 Bb5 22. Qxc5 Qxc5+ 23. Nxc5 Nb4 24. Rad1 Rd5 25. Rxd5 Nxd5 {So,W (2761)-Timofeev,A (2567) chess.com INT 2023 1-0 (42)}) ({RR} 11. Qd4 Qxd4 12. Bxd4 c5 13. Bc3 Nb4 14. Bxb4 cxb4 15. g3 Bd7 16. Bg2 Bc6 17. O-O O-O-O 18. Rfd1 Bxg2 19. Kxg2 Nc6 20. f4 Kc7 21. f5 exf5 22. Nf4 Rge8 23. b3 Ne7 24. Kf3 a5 25. Nh5 Nc6 {Reinderman,D (2450)-Kharlov,A (2530) Leeuwarden 1994 1-0 (64)}) 11... Qxc4 12. Ng3 ({RR} 12. Nc3 Qf4 13. Bxe7 Kxe7 14. Bxa6 Rxg2 15. Be2 Qxf2+ 16. Kd2 e5 17. Qf1 Qd4+ 18. Ke1 Qh4+ 19. Kd2 Qg5+ 20. Kc2 Bf5+ 21. Kb3 Be6+ 22. Bc4 Qd2 23. Rb1 Rf2 24. Qd1 Bxc4+ 25. Kxc4 Qf4+ 26. Kb3 b5 {Salna,A (2317)-Stremavicius,T (2547) Klaipeda LTU 2026 0-1 (34)}) 12... Qf4 13. Bc3 $146 ({RR} 13. Bxe7 Kxe7 14. Bxa6 Qb4+ 15. Qd2 Qxd2+ 16. Kxd2 bxa6 17. Rac1 Bb7 18. Ke3 Rad8 19. Rhd1 Rxd1 20. Rxd1 c5 21. Rc1 Kd6 22. Rc4 f5 23. f3 Rg7 24. b3 Bc6 25. Rh4 a5 26. Rh6 Rf7 27. Rh4 a4 {Krassowizkij,J (2429)-Dziuba,M (2558) Germany 2016 ½-½ (60)}) 13... Nc5 14. Qc2 e5 15. Qxh7 Bg4 16. h3 Be6 17. Nh5 Qe4+ 18. Qxe4 Nxe4 19. Bxe5 O-O-O 20. g4 Bd5 21. f3 Ng5 22. Bg2 Bxf3 23. O-O Bxg2 24. Kxg2 Rd2+ 25. Rf2 Rxf2+ 26. Kxf2 Nxh3+ 27. Kg3 Ng5 28. Rf1 Nd5 29. Nf6 Nxf6 30. Bxf6 Ne4+ 31. Kh4 Rg6 32. g5 Nxf6 33. gxf6 Kd7 34. Rf2 c5 35. b3 b5 36. Kh3 Kc6 37. Kh4 c4 38. bxc4 bxc4 39. Rf5 Kd6 40. Kh5 Rg8 41. Rf2 Kc5 42. Kh6 Rg6+ 43. Kh7 c3 44. Rf3 Kd4 0-1

[Event "World Cup"]
[Site "Rotterdam"]
[Date "1989.??.??"]
[Round "?"]
[White "Hjartarson, Johann"]
[Black "Short, Nigel D"]
[Result "1/2-1/2"]
[WhiteElo "2615"]
[BlackElo "2650"]
[PlyCount "25"]
[EventDate "1989.06.??"]
[EventType "tourn"]
[EventRounds "15"]
[EventCountry "NED"]
[EventCategory "15"]
[SourceTitle "CBM 013"]
[Source "ChessBase"]
[SourceDate "1989.12.01"]
[SourceVersion "1"]
[SourceVersionDate "1989.12.01"]
[SourceQuality "1"]

1. c4 e6 2. Nc3 d5 3. d4 Be7 4. cxd5 exd5 5. Bf4 c6 6. e3 Bd6 7. Nge2 Ne7 8. Bxd6 Qxd6 9. Ng3 Nd7 10. Bd3 Nf6 11. Qc2 O-O 12. O-O $146 ({RR} 12. O-O-O Bd7 13. Kb1 c5 14. dxc5 Qxc5 15. e4 dxe4 16. Ngxe4 Nxe4 17. Bxe4 Bf5 18. Bxf5 Qxf5 19. Qxf5 Nxf5 20. Rd7 Rab8 21. Rhd1 h5 22. R1d5 g6 23. Rb5 Rfe8 24. Rbxb7 Re1+ 25. Kc2 Rxb7 26. Rxb7 Rg1 {Steponavicius,S (2177)-Krivonosov,O (2400) Lithuania 2020 1-0 (43)}) ({RR} 12. O-O-O Bd7 13. Kb1 c5 14. dxc5 Qxc5 15. e4 d4 16. Nce2 Qb6 17. Nxd4 Ng4 18. h3 Rac8 19. Qe2 Ne5 20. Bc2 N7g6 21. Bb3 a5 22. Ngf5 a4 23. Bd5 a3 24. b3 Nf4 25. Ne7+ Kh8 26. Qe3 Nxg2 {Morozevich,A (2765)-Topalov,V (2780) Nice 2008 1-0 (34)}) 12... h6 13. Rab1 1/2-1/2

[Event "Hoogovens"]
[Site "Wijk aan Zee"]
[Date "1990.01.??"]
[Round "10"]
[White "Gurevich, Mikhail"]
[Black "Portisch, Lajos"]
[Result "1/2-1/2"]
[WhiteElo "2645"]
[BlackElo "2605"]
[PlyCount "185"]
[EventDate "1990.01.??"]
[EventType "tourn"]
[EventRounds "13"]
[EventCountry "NED"]
[EventCategory "13"]
[SourceTitle "CBM 017"]
[Source "ChessBase"]
[SourceDate "1990.08.01"]
[SourceVersion "1"]
[SourceVersionDate "1990.08.01"]
[SourceQuality "1"]

1. d4 {Rogozenco,Dorian} d5 2. c4 e6 3. Nc3 Be7 4. cxd5 exd5 5. Bf4 c6 6. Qc2 Bg4 ({RR} 6... Bd6 7. Bxd6 Qxd6 8. e3 Qg6 9. Qxg6 hxg6 10. b4 a6 11. f3 Nd7 12. Bd3 Ne7 13. Nge2 g5 14. Kf2 Nf6 15. g4 Kd8 16. Kg3 Bd7 17. a4 Nc8 18. h3 Re8 19. Kf2 Nd6 20. a5 Re7 21. Rac1) 7. e3 Bh5 8. Bd3 Bg6 9. Bxg6 hxg6 10. f3 $146 ({RR} 10. Nf3 Nf6 11. h3 Nbd7 12. Ne5 O-O 13. O-O Ne8 14. Rab1 a5 15. a3 Nd6 16. Ne2 Re8 17. Nc1 Nf8 18. Bh2 g5 19. Ncd3 f6 20. Ng4 Nc4 21. Rbe1 Bd6 22. f4 Ne6 23. f5 Bxh2+ 24. Kxh2 Nf8 {Yewdokimov,O (2375)-Begovac,F (2405) Bern 1991 ½-½ (42)}) ({RR} 10. O-O-O Nf6 11. f3 Nbd7 12. Nge2 ({RR} 12. e4 Nh5 13. Be3 Ng3) 12... b5 13. e4 b4 14. Na4 dxe4 15. fxe4 Qa5 16. Kb1 ({RR} 16. e5 Nd5 17. e6 fxe6 18. Qxc6 Kf7 19. Qxd7 Rhd8 20. Qc6 Rac8) 16... O-O 17. h4 Rfe8 18. e5 Nd5 19. h5 g5 20. h6 g6 21. Bc1 ({RR} 21. e6 gxf4 22. exd7 Red8 23. Qxc6 Ne3 24. Nc5 Nxd1 25. Rxd1) 21... N7b6 ({RR} 21... N5b6) 22. Nc5 Bxc5 23. dxc5 b3 ({RR} 23... Nd7 24. e6 Rxe6 25. Nd4 Ree8 26. Nxc6 Qxc5 27. Qxc5 Nxc5 28. Rxd5) 24. Qxb3 Qxc5 {Carlsen,M (2815)-Nakamura,H (2774) Medias 2011 CBM 143 [Rogozenco,Dorian] 1-0 (38)}) 10... Nd7 11. Nge2 Nb6 12. b3 Bd6 13. O-O-O Ne7 14. g4 Qc7 15. Kb1 O-O-O 16. Rc1 Bxf4 17. Nxf4 Kb8 18. h4 Nec8 19. h5 gxh5 20. gxh5 Qe7 21. Rce1 Qf6 22. Rhg1 Nd6 23. Qg2 Rh7 24. Qg5 Ne8 25. Rg2 Nc8 26. Reg1 Qxg5 27. Rxg5 Ncd6 28. Kc2 f6 29. R5g4 Nf5 30. Kd3 Rd7 31. Nce2 a5 32. Rc1 Nh6 33. Rgg1 Nf7 34. Ng3 Ng5 35. Rgf1 Nd6 36. Ng6 Rd8 37. Rc2 Ne6 38. a4 Nf7 39. Rh2 c5 40. Nf4 Nfg5 41. Nxe6 Nxe6 42. f4 cxd4 43. exd4 Rc8 44. Ne2 Nd8 45. Nc3 Nc6 46. Nxd5 Rhh8 47. Nb6 Rcd8 48. Kc3 Rxd4 49. Rg1 Rh7 50. f5 Rf4 51. Nd7+ Ka7 52. Nf8 Rh8 53. Ne6 Rxf5 54. Rxg7 Rfxh5 55. Rxh5 Rxh5 56. Rf7 Rf5 57. Kb2 Kb6 58. Kc3 Rf3+ 59. Kb2 Ne5 60. Rh7 Nd3+ 61. Kc2 Nb4+ 62. Kb2 Re3 63. Nd4 Kc5 64. Nb5 b6 65. Rc7+ Kd5 66. Rd7+ Ke5 67. Na3 Re2+ 68. Kc1 Na2+ 69. Kd1 Nc3+ 70. Kc1 f5 71. Nc4+ Ke4 72. Nxb6 Na2+ 73. Kd1 Nc3+ 74. Kc1 f4 75. Nc4 Na2+ 76. Kd1 Nc3+ 77. Kc1 f3 78. Nd2+ Ke3 79. Re7+ Kd3 80. Rd7+ Ke3 81. Re7+ Kf2 82. Rf7 Na2+ 83. Kd1 Re3 84. Rf5 Nb4 85. Nxf3 Rxf3 86. Rxa5 Ke3 87. Re5+ Kd3 88. Re8 Rf1+ 89. Re1 Rf2 90. Re8 Rd2+ 91. Ke1 Nc2+ 92. Kf1 Ne3+ 93. Kg1 1/2-1/2